|
|
|
|
| LEADER |
00000nam2a2200000 4500 |
| 001 |
202518 |
| 005 |
20231101225110.0 |
| 035 |
|
|
|a (RuTPU)RU\TPU\book\220680
|
| 035 |
|
|
|a RU\TPU\book\220678
|
| 090 |
|
|
|a 202518
|
| 100 |
|
|
|a 20111014d2005 m y0rusy50 ca
|
| 101 |
0 |
|
|a rus
|
| 102 |
|
|
|a RU
|
| 105 |
|
|
|a a j 001zy
|
| 200 |
0 |
|
|a Ч. 2: Аппаратура OTH
|
| 210 |
|
|
|d 2005
|
| 215 |
|
|
|a 126 с.
|c ил.
|
| 320 |
|
|
|a Библиогр.: с. 124-125.
|
| 320 |
|
|
|a Словарь терминов: с. 119-123.
|
| 330 |
|
|
|a Учебное пособие предназначено специалистам предприятий связи, проходящим обучение в Межрегиональном учебном центре переподготовки специалистов. Учебное пособие содержит основополагающие сведения по построению аппаратуры оптических транспортных сетей на основе технологии мультиплексирования ОТН.
|
| 461 |
|
1 |
|0 (RuTPU)RU\TPU\book\221004
|t Оптическая транспортная иерархия ОТН
|o учебное пособие: в 2 ч.
|f В. Г. Фокин
|g Сибирский государственный университет телекоммуникаций и информатики, Межрегиональный учебный центр переподготовки специалистов
|v Ч. 2: Аппаратура OTH
|d 2005
|
| 606 |
1 |
|
|a Оптические транспортные сети
|2 stltpush
|3 (RuTPU)RU\TPU\subj\71091
|9 85149
|
| 610 |
1 |
|
|a OTH
|
| 610 |
1 |
|
|a Optical Transport Network
|
| 610 |
1 |
|
|a иерархия
|
| 610 |
1 |
|
|a аппаратура
|
| 610 |
1 |
|
|a архитектура
|
| 610 |
1 |
|
|a компоненты
|
| 610 |
1 |
|
|a функции
|
| 610 |
1 |
|
|a возможности
|
| 610 |
1 |
|
|a функциональные процессы
|
| 610 |
1 |
|
|a построение
|
| 610 |
1 |
|
|a учебные пособия
|
| 675 |
|
|
|a 621.391.6(075.8)
|v 3
|
| 801 |
|
1 |
|a RU
|b 63413507
|c 20111014
|
| 801 |
|
2 |
|a RU
|b 63413507
|c 20130715
|g RCR
|
| 942 |
|
|
|c BK
|